header

Nazi refugee turned Gestapo spy (Record no. 772)

MARC details
000 -LEADER
fixed length control field 01372nam a22003374a 4500
082 04 - DEWEY DECIMAL CLASSIFICATION NUMBER
Classification number 940.54/8743
100 1# - MAIN ENTRY--AUTHOR NAME
Personal name Barnes, James J.
245 10 - TITLE STATEMENT
Title Nazi refugee turned Gestapo spy
260 ## - PUBLICATION, DISTRIBUTION, ETC. (IMPRINT)
Place of publication Westport, Conn. :
Name of publisher Praeger,
Year of publication 2001.
300 ## - PHYSICAL DESCRIPTION
Number of Pages xii, 184 p. :
Other physical details ill.
650 #0 - SUBJECT ADDED ENTRY--TOPICAL TERM
Topical Term Spies
Topical Term Espionage, German
Topical Term World War, 1939-1945
700 1# - ADDED ENTRY--PERSONAL NAME
Personal name Barnes, Patience P.
856 40 - ELECTRONIC LOCATION AND ACCESS
Uniform Resource Identifier http://site.ebrary.com/lib/rucke/Doc?id=5004433

No items available.

© 2026 Rongo University
Contact us: librarian | system librarian | Rongo university